000 00719nam a2200241Ia 4500
003 GCL
008 140319s9999 xx 000 0 ara d
040 _aGCL /
_cGCL
082 0 4 _a153
_bس ع
100 1 _aمحمد نجيب الصبوة
245 1 0 _aعلم النفس المعرفى /
_cمحمد نجيب الصبوة
700 1 _aسولسو، روبرت
700 1 _aمصطفى محمد كامل
700 1 _aمحمد الحسانين الدق
300 _a861 ص
490 _aالهيئة العامة للاستعلامات
_v0
650 0 4 _aعلم النفس
650 0 4 _aالتعلم
650 0 4 _aالذاكرة
650 0 4 _aالادراك
650 0 4 _aالانتباه
942 _2ddc
_cBK
999 _c49264
_d49264